000 01938cam a2200421 a 4500
001 EDZ0000158966
003 StDuBDS
005 20161031105241.0
006 m||||||||d||||||||
007 cr |||||||||||
008 130918s2010 ii fo| 001|0|eng|d
020 _a9788132112907 (ebook) :
_cNo price
040 _aStDuBDS
_beng
_cStDuBDS
_epn
049 _aAlfaisal Main Library
050 0 _aRC455.4.E8
_bB75 2010
082 0 4 _a616.8914
_223
245 0 0 _aBridging East-West psychology and counselling
_h[electronic resource] :
_bexploring the work of Pittu Laungani /
_cedited by Roy Moodley, Aanchal Rai, Waseem Alladin.
260 _aNew Delhi ;
_aThousand Oaks, [Calif.] :
_bSAGE,
_c2010.
300 _a1 online resource (xxii, 324 p.)
504 _aIncludes bibliographical references and index.
520 8 _aThis edited volume in honour of Dr Pittu Laungani, one of the leading cross-cultural psychologists of the West, brings together renowned names in the field of psychology who critique Dr Laungani's contribution from various angles. It explores the nature of cross-cultural psychology, counselling and psychotherapy, specifically attempting to build bridges between Indian philosophy and the Western approaches and methods.
521 _aSpecialized.
588 _aDescription based on print version record.
650 0 _aPsychotherapy
_vCross-cultural studies.
650 0 _aCross-cultural counseling.
650 0 _aPsychiatry, Transcultural.
650 0 _aEthnopsychology.
600 1 0 _aLaungani, Pittu.
655 7 _aElectronic books.
_2local
700 1 _aLaungani, Pittu.
700 1 _aMoodley, Roy.
700 1 _aRai, Aanchal,
_d1982-
700 1 _aAlladin, Waseem.
710 2 _aSage eBooks
776 0 8 _iPrint version :
_z9788132104452
856 4 0 _uhttp://ezproxy.alfaisal.edu/login?url=http://sk.sagepub.com/books/bridging-east-west-psychology-and-counselling
942 _2lcc
_cEBOOKS
999 _c482693
_d482693